Responses for Show #8354 - Thursday, March 11, 2021

Champion's winnings & consolation amounts matched to Pancreatic Cancer Dream Team from Stand Up to Cancer.

Contestants

[<< previous game]

Dave Pai, a field application scientist originally from Mechanicsburg, Pennsylvania

Emily Hogg, a consultant from Washington, D.C.

Lori White, a fiction and part-time science writer originally from Grangeville, Idaho (whose 1-day cash winnings total $18,801)

[next game >>]

Jeopardy! Round responses

U.S. LANDMARKS
IT'S ALL ONIONS
UP IN THE AIR
NECK & NECKING
NBA LOGOS
NOT YOUR EVERYDAY WORDS
    $200 30
Tennessee

Emily
    $200 29
a bulb

Triple Stumper
    $200 6
oxygen & nitrogen

Lori
    $200 16
a giraffe

Emily
    $200 24
the Milwaukee Bucks

Emily
    $200 1
fingers

Emily
    $400 3
the Space Needle

Lori
    $400 5
Maui onions

Triple Stumper
    $400 7
smog

Lori
    $400 17
Indianapolis

Emily
    $400 12
(Katie: Glad you got that.)

the Washington Wizards

Emily
    $400 2
1/8

Dave
    $600 4
St. Augustine

Lori
    $600 10
domes

Dave
    $600 8
the Clean Air Act

Dave
    $600 18
(Lori: What is the carotid?)

the jugular

LoriDave
    $600 13
the New Orleans Pelicans

Emily
    $600 21
thread

Dave
    $800 9
Atlanta

Emily
    $1,000 25
(Emily: What is carbon?)

sulfur

Emily
    $800 11
(Lori: What is halo?)

aura

LoriEmily
    $800 27
a hood

Lori
    $800 14
the Denver Nuggets

Emily
    $800 22
(Lori: What is a coat of arms?)

a suit of armor

LoriDave
    $1000 19
Wichita

Dave
    $1000 26
(Katie: He liked them with mayo on brioche.)

James Beard

Lori
    $1000 20
the stratosphere

Triple Stumper
    $1000 28
Rodin

Lori
    $1000 15
the Detroit Pistons

Lori
    $1000 23
a symbiotic relationship

Emily

Scores at the first commercial break (after clue 15):

Lori Emily Dave
$1,800 $3,600 $1,600

Scores at the end of the Jeopardy! Round:

Lori Emily Dave
$3,200 $4,600 $4,600

Double Jeopardy! Round responses

THE "OVER"/"UNDER"
(Katie: Each response includes one of those two words.)
CLASSIC BLACK & WHITE FILMS
RELIGIOUS OBSERVANCES
FLAGS OF OUR FEATHERS
LINE, ITEM
VETO
    $400 18
an overbite

Emily
    $400 27
(Katie: How Green Was My Valley, Alex Trebek's favorite movie.)

Citizen Kane

Lori
    $400 26
lights

Dave
    $400 1
an eagle

Dave
    $400 24
the throne

Dave
    $400 25
(Dave: What is 30?)
(Lori: What is 21?)

10 days

LoriDave
Triple Stumper
    $800 2
the undercard

Lori
    $800 19
Rick's

Dave
    $800 10
Ash Wednesday

Lori
    $800 17
the penguin

Dave
    $800 5
(Katie: From "The Love Song of J. Alfred Prufrock".)

a peach

Lori
    $800 7
France & the U.K.

Dave
    $1200 3
(Lori: What is the underground?)
(Dave: What is the overpass?)

the underpass

LoriDave
Triple Stumper
    $1200 28
Nosferatu

Lori
    $2,000 11
Ramadan

Lori
    $1200 20
the Andes

Dave
    $1200 6
bow

Dave
    $1200 8
Anne

Dave
    $1600 4
overwrite

Dave
    $1600 29
The Great Dictator

Emily
    $1600 12
Rosh Hashanah

Dave
    $1600 21
Zimbabwe

Dave
    $1600 14
a lantern

Dave
    $1600 9
Minnesota

Emily
    $3,200 13
overwrought

Dave
    $2000 30
(Gloria) Swanson

Dave
    $2000 23
Egypt

Dave
    $2000 22
(Katie: You know your geography.)

Wallonia

Dave
    $2000 16
a spoon

Lori
    $2000 15
Freedom of Information Act

Lori

Scores at the end of the Double Jeopardy! Round:

Lori Emily Dave
$11,600 $8,200 $25,800
(lock game)

[wagering suggestions for these scores]

Final Jeopardy! Round responses

FOREIGN NEWSPAPERS
(Kaite: It is the French newspaper named for a character from Rossini's The Barber of Seville as well as Mozart's Marriage of [*].)
EmilyWhat is Charlie Hebdo?
$8,000
LoriWhat is Punch?
$11,600
DaveWhat is Le Figaro?
$2,500
Le Figaro

Final scores:

Lori Emily Dave
$0 $200 $28,300
3rd place: $1,000 2nd place: $2,000 New champion: $28,300

Game dynamics:

Coryat scores:

Lori Emily Dave
$10,800 $9,200 $24,600
16 R
(including 1 DD),
5 W
14 R,
1 W
(including 1 DD)
24 R
(including 1 DD),
2 W

Combined Coryat: $44,600

[game clues] [game scores] [suggest correction]

Game tape date: 2021-01-19
The J! Archive is created by fans, for fans. Scraping, republication, monetization, and malicious use prohibited; this site may use cookies and collect identifying information. See terms. The Jeopardy! game show and all elements thereof, including but not limited to copyright and trademark thereto, are the property of Jeopardy Productions, Inc. and are protected under law. This website is not affiliated with, sponsored by, or operated by Jeopardy Productions, Inc. Join the discussion at JBoard.tv.